Countries that Start with a different letter in Spanish - Statistics

General Stats
  • This quiz has been taken 15 times
  • The average score is 19 of 26
Answer Stats
English País Spanish % Correct
D Dominican Republic R
93%
Q Qatar C
93%
S South Korea C
93%
U United States E
93%
G Germany A
87%
N North Korea C
87%
S Spain E
87%
U United Arab Emirates E
87%
U United Kingdom R
87%
D Democratic Republic of the Congo R
80%
N North Macedonia M
80%
C Czech Republic R
73%
D Djibouti Y
73%
S Saudi Arabia A
73%
C Centralafrican Republic R
67%
E East Timor T
67%
M Marshall Islands I
67%
V Vatican City C
67%
I Ivory Coast C
60%
P Philippines F
60%
S Slovakia E
60%
S Solomon Islands I
60%
E Eswatini S
53%
N Netherlands P
53%
S Slovenia E
53%
E Equatorial Guinea G
47%
No matching quizzes found
Score Distribution
Percent of People with Each Score
Percentile by Number Answered
Your Score History
You have not taken this quiz